Polska Partia Socjalistyczna w latach 1917-1919.

Bibliographic Details
Main Author: Holzer, Jerzy, 1930-
Format: Book
Language:Polish
Published: Warszawa : Państwowe Wydawn. Naukowe, 1962.
Edition:[Wyd. 1.].
Subjects:

MARC

Tag First Indicator Second Indicator Subfields
LEADER 00000cam a2200000I 4500
001 in00002012284
005 20151031155617.0
008 790312s1962 pl b 001 0 pol
010 |a  63028508  
035 |a (OCoLC)ocm04733416 
040 |a DLC  |c WAU  |d OCL  |d OCLCQ  |d TXA  |d UtOrBLW 
043 |a e-pl--- 
049 |a TXAM 
050 0 0 |a JN6769.A5  |b S58 
090 |a JN6769.A5  |b S58 1962 
092 |a 943.8  |b H762po 
100 1 |a Holzer, Jerzy,  |d 1930- 
245 1 0 |a Polska Partia Socjalistyczna w latach 1917-1919. 
250 |a [Wyd. 1.]. 
264 1 |a Warszawa :  |b Państwowe Wydawn. Naukowe,  |c 1962. 
300 |a 465 pages ;  |c 20 cm. 
336 |a text  |b txt  |2 rdacontent 
337 |a unmediated  |b n  |2 rdamedia 
338 |a volume  |b nc  |2 rdacarrier 
504 |a Includes bibliography. 
610 2 0 |a Polska Partia Socjalistyczna. 
610 2 0 |a Polska Partia Socjalno-Demokratyczna Galicji i Śląska Cieszyńskiego. 
651 0 |a Poland  |x Politics and government  |y 1918-1945. 
948 |a cataloged  |b h  |c 2005/1/5  |d c  |e spoltoratski  |f 10:23:31 am 
994 |a E0  |b TXA 
999 |a MARS 
999 f f |s f70b078b-030d-3cbf-b13f-0452792a876b  |i 8d71bf3a-acee-3b7c-895e-be49884d6b9f  |t 0 
952 f f |p ric  |a Texas A&M University  |b Rellis Campus  |c Joint Library Facility  |d Remote Storage  |t 0  |e JN6769.A5 S58 1962  |h Library of Congress classification  |i unmediated -- volume  |m A14831591031 
998 f f |a JN6769.A5 S58 1962  |t 0  |l Remote Storage